000 00925cam a2200277 a 4500
001 1978882
003 ARRUPE
005 20240306102503.0
008 890628s1987 rh b b 000 0 eng
010 _a 88980349
020 _a0949225487 :
_c$5.00
040 _aDLC
_cDLC
_dDLC
043 _afs-----
050 0 0 _aKQC145.W64
_bW657 1987
082 0 0 _a346.6801/34
_a346.806134
_219
245 0 0 _aWomen and law in southern Africa /
_cedited by Alice Armstrong, assisted by Welshman Ncube.
260 _aHarare, Zimbabwe :
_bZimbabwe Pub. House,
_c1987.
300 _axiv, 281 p. :
_bmap ;
_c21 cm.
440 0 _aWomen of Africa series
_944484
504 _aIncludes bibliographies.
650 0 _aWomen
_xLegal status, laws, etc.
_zAfrica, Southern.
_948249
700 1 _aArmstrong, Alice.
_925886
700 1 _aNcube, Welshman.
_948251
906 _a7
_bcbc
_corignew
_d3
_encip
_f19
_gy-gencatlg
942 _2lcc
_cMONOGRAPH
999 _c131823
_d131823